000 00266nam a22000977a 4500
008 240723b |||||||| |||| 00| 0 eng d
020 _a9781838957735
100 _aPerry Josephine Dr
_97782
245 _aThe Ten Pillars of Success
260 _aLondon
_bAllen & Unwin
_c2022
999 _c12607
_d12607